Ricostruisci la Carriera del Calciatore - Marcos Rojo - Statistics

Statistiche generali
  • Questo quiz è stato fatto 7 volte
  • Il punteggio medio è 3 su 7
Statistiche sulle risposte
Hint Risposta % Corretto
2021- Boca Juniors
67%
2008-2010 Estudiantes
67%
2014-2020 Manchester Utd
67%
2012-2014 Sporting Lisbona
67%
2020 Estudiantes
33%
2011-2012 Spartak Mosca
33%
2020-2021 Manchester Utd
0%
Nessun quiz corrispondente trovato
Distribuzione punteggi
Percentuale di utenti per punteggio
Percentile per numero di risposta
I tuoi punteggi nel tempo
Non hai fatto questo quiz